| 000 | 00613nam a2200157 i 4500 | ||
|---|---|---|---|
| 001 | 41922 | ||
| 003 | ES-MaACL | ||
| 007 | t| | ||
| 008 | 030312s1946 sp ||||1| spa d | ||
| 100 | 1 |
_aCastán Tobeñas, José, _d1889-1969 _936392 |
|
| 245 | 1 | 3 |
_aLa idea de la justicia en la tradición filosófica del mundo occidental y en el pensamiento español / _cdiscurso leído por José Castán Tobeñas, en la solemne apertura de los Tribunales celebrada el 16 de septiembre de 1946. |
| 260 |
_aMadrid : _bReus, _c1946. |
||
| 300 |
_a100 p. ; _c24 cm. |
||
| 852 |
_aES-MaACL _jE-2091 _bR.22653 |
||
| 999 |
_c41922 _d41922 |
||